000 00626nam a2200181 i 4500
001 68180
003 ES-MaACL
005 20230906170223.0
007 t|
008 040610s1971 xxka |||| | eng d
245 0 0 _aGarbo and the night watchmen
_b: a selection made in 1937 from the writings of british and american film critics /
_cassembled and edited by Alistair Cooke.
260 _aLondon :
_bSeckerand Warburg,
_c[1971]
300 _a285 p. :
_bil. ;
_c22 cm.
600 1 4 _aGarbo, Greta (
_d1905-1990)
_9167685
650 0 4 _aCine-
_vCríticas.
_911020
700 1 _aCooke, Alistair.
_940361
852 _aES-MaACL
_jE-5379
999 _c68180
_d68180